Crave / (Record no. 351109)
[ view plain ]
| 000 -LEADER | |
|---|---|
| fixed length control field | 02267nam a2200469 i 4500 |
| 001 - CONTROL NUMBER | |
| control field | 3027413 |
| 005 - DATE AND TIME OF LATEST TRANSACTION | |
| control field | 20220429110905.0 |
| 008 - FIXED-LENGTH DATA ELEMENTS--GENERAL INFORMATION | |
| fixed length control field | 200513s2020 cou d 000 1 eng d |
| 020 ## - INTERNATIONAL STANDARD BOOK NUMBER | |
| International Standard Book Number | 9781640638952 : |
| Terms of availability | $18.99 |
| 020 ## - INTERNATIONAL STANDARD BOOK NUMBER | |
| International Standard Book Number | 1640638954 : |
| Terms of availability | $18.99 |
| 020 ## - INTERNATIONAL STANDARD BOOK NUMBER | |
| Cancelled/invalid ISBN | 9781640638969 |
| 035 ## - SYSTEM CONTROL NUMBER | |
| System control number | (OCoLC)1102182658 |
| 035 ## - SYSTEM CONTROL NUMBER | |
| System control number | (OCoLC)on1102182658 |
| 035 ## - SYSTEM CONTROL NUMBER | |
| System control number | 2997846 |
| 040 ## - CATALOGING SOURCE | |
| Original cataloging agency | PABRO |
| Language of cataloging | eng |
| Description conventions | rda |
| Transcribing agency | PABRO |
| 050 #4 - LIBRARY OF CONGRESS CALL NUMBER | |
| Classification number | PZ7.1.W633 |
| Item number | Crav 2020 |
| 082 04 - DEWEY DECIMAL CLASSIFICATION NUMBER | |
| Classification number | [Fic] |
| Edition number | 23 |
| 092 ## - LOCALLY ASSIGNED DEWEY CALL NUMBER (OCLC) | |
| Classification number | F |
| 999 ## - SYSTEM CONTROL NUMBERS (KOHA) | |
| Koha Dewey Subclass [OBSOLETE] | F |
| 100 1# - MAIN ENTRY--PERSONAL NAME | |
| Personal name | Wolff, Tracy, |
| Relator term | author. |
| 9 (RLIN) | 6363210 |
| 245 10 - TITLE STATEMENT | |
| Title | Crave / |
| Statement of responsibility, etc | Tracy Wolff. |
| 250 ## - EDITION STATEMENT | |
| Edition statement | First edition. |
| 264 #1 - Production, Publication, Distribution, Manufacture, and Copyright Notice. | |
| Place of production, publication, distribution, manufacture | Parker, CO : |
| Name of producer, publisher, distributor, manufacturer | Entangled Publishing, LLC, |
| Date of production, publication, distribution, manufacture, or copyr | 2020. |
| 300 ## - PHYSICAL DESCRIPTION | |
| Extent | 571 pages ; |
| Dimensions | 22 cm |
| 336 ## - Content Type | |
| Content type term | text |
| 337 ## - Media type | |
| Media type term | unmediated |
| 338 ## - Carrier type | |
| Carrier type term | volume |
| 520 ## - SUMMARY, ETC. | |
| Summary, etc | My whole world changed when I stepped inside the academy. Nothing is right about this place or the other students in it. Here I am, a mere mortal among gods or monsters. I still can't decide which of these warring factions I belong to, if I belong at all. I only know the one thing that unites them is their hatred of me. Then there's Jaxon Vega. A vampire with deadly secrets who hasn't felt anything for a hundred years. But there's something about him that calls to me, something broken in him that somehow fits with what's broken in me. Which could spell death for us all. Because Jaxon walled himself off for a reason. And now someone wants to wake a sleeping monster, and I'm wondering if I was brought here intentionally-as the bait. |
| 521 1# - TARGET AUDIENCE NOTE | |
| Target audience note | 14-19 |
| Source | Brodart. |
| 521 2# - TARGET AUDIENCE NOTE | |
| Target audience note | 9-12 |
| Source | Brodart. |
| 650 #0 - SUBJECT ADDED ENTRY--TOPICAL TERM | |
| Topical term or geographic name as entry element | Boarding schools |
| Form subdivision | Juvenile fiction. |
| 9 (RLIN) | 5680819 |
| 650 #1 - SUBJECT ADDED ENTRY--TOPICAL TERM | |
| Topical term or geographic name as entry element | Boarding schools |
| Form subdivision | Fiction. |
| 9 (RLIN) | 5687815 |
| 650 #0 - SUBJECT ADDED ENTRY--TOPICAL TERM | |
| Topical term or geographic name as entry element | Teenagers |
| Form subdivision | Juvenile fiction. |
| 9 (RLIN) | 5686730 |
| 650 #1 - SUBJECT ADDED ENTRY--TOPICAL TERM | |
| Topical term or geographic name as entry element | Teenagers |
| Form subdivision | Fiction. |
| 9 (RLIN) | 5673851 |
| 650 #0 - SUBJECT ADDED ENTRY--TOPICAL TERM | |
| Topical term or geographic name as entry element | Vampires |
| Form subdivision | Juvenile fiction. |
| 9 (RLIN) | 5678604 |
| 650 #1 - SUBJECT ADDED ENTRY--TOPICAL TERM | |
| Topical term or geographic name as entry element | Vampires |
| Form subdivision | Fiction. |
| 9 (RLIN) | 5674241 |
| 650 #7 - SUBJECT ADDED ENTRY--TOPICAL TERM | |
| Topical term or geographic name as entry element | YOUNG ADULT FICTION / Romance / Paranormal |
| Source of heading or term | bisacsh |
| 9 (RLIN) | 5764492 |
| 650 #7 - SUBJECT ADDED ENTRY--TOPICAL TERM | |
| Topical term or geographic name as entry element | YOUNG ADULT FICTION / Vampires |
| Source of heading or term | bisacsh |
| 9 (RLIN) | 6415747 |
| 650 #7 - SUBJECT ADDED ENTRY--TOPICAL TERM | |
| Topical term or geographic name as entry element | PLP |
| General subdivision | Ivanna's Vampire YA Fiction |
| Chronological subdivision | 2021.10. |
| Source of heading or term | local |
| 9 (RLIN) | 6430562 |
| 650 #7 - SUBJECT ADDED ENTRY--TOPICAL TERM | |
| Topical term or geographic name as entry element | JUVENILE FICTION / Vampires. |
| Source of heading or term | bisacsh |
| 9 (RLIN) | 6443178 |
| 942 ## - ADDED ENTRY ELEMENTS (KOHA) | |
| Source of classification or shelving scheme | Dewey Decimal Classification |
| Koha item type | BOOK |
| Withdrawn status | Lost status | Source of classification or shelving scheme | Damaged status | Not for loan | Collection code | Home library | Current library | Shelving location | Date acquired | Source of acquisition | Serial Enumeration / chronology | Total Checkouts | Total Renewals | Full call number | Barcode | Checked out | Date last seen | Date checked out | Cost, replacement price | Price effective from | Koha item type |
|---|---|---|---|---|---|---|---|---|---|---|---|---|---|---|---|---|---|---|---|---|---|
| Dewey Decimal Classification | Young Adult Fiction | Wasatch County Library | Wasatch County Library | Main Floor Teen Area | 07/29/2020 | Micromarketing | #1 Crave | 27 | 29 | YA Wolff | 34301001643685 | 03/21/2026 | 01/23/2026 | 01/23/2026 | 18.99 | 07/29/2020 | BOOK |
